000 00611nam a2200193 a 4500
001 000037079
003 DO-SdBNP
005 20250307120824.0
007 ta
008 120210s2006 dr 000 0 spa d
040 _aDO-SdBNP
_bspa
_cBNPHU
082 4 _bR426
_222
110 1 _aRepública Dominicana.
_bCámara de Cuentas
_912254
245 1 0 _aStatus jurídico de los miembros de la Cámara de Cuentas de la República Dominicana.
260 _aSanto Domingo :
_bCámara de Cuentas de la República Dominicana,
_c2006.
300 _a100 p. ;
_c24 cm.
590 _aInventariado, 2023/BT
942 _2ddc
_cLBS1
999 _c36569
_d36569